Stenografická správa o 24. schôdzi Národnej rady Slovenskej republiky konanej 17., 18. a 19. novembra 1993 10. volebné obdobie

Na minha lista:
Detalhes bibliográficos
Formato: Livro
Idioma:eslovaco
Publicado em: Bratislava Národná rada SR 1993
Edição:1. vyd.
Assuntos:
Tags: Adicionar Tag
Sem tags, seja o primeiro a adicionar uma tag!

MARC

LEADER 00000nam a2200000 4500
001 c005178
005 20221214083756.2
041 0 |a slo 
044 |a SK 
245 1 0 |a Stenografická správa o 24. schôdzi Národnej rady Slovenskej republiky konanej 17., 18. a 19. novembra 1993  |b 10. volebné obdobie 
250 |a 1. vyd. 
264 1 |a Bratislava  |b Národná rada SR  |c 1993 
300 |a S.282-439 
610 2 0 |a parlamenty 
610 2 0 |a Slovensko 
610 2 0 |a NR SR Bratislava 
610 2 0 |a schôdze 
610 2 0 |a právo trestné 
610 2 0 |a dôchodky starobné 
610 2 0 |a dohody colné 
610 2 0 |a prostredie životné